| 000 | 00464aam a2200169 4500 | ||
|---|---|---|---|
| 005 | 20250207160913.0 | ||
| 008 | 150416b2006 xxu||||| |||| 00| 0 spa d | ||
| 041 |
_aING _aESP |
||
| 082 | _aR 413.1 D545d | ||
| 245 | _aDiccionario Merriam-Webster de sinónimos y antónimos en inglés | ||
| 260 |
_aEstados Unidos _bMerriam Webster _c2006 |
||
| 300 | _a469 páginas | ||
| 650 | _aSINÓNIMOS | ||
| 650 | _aANTÓNIMOS | ||
| 650 | _aDICCIONARIOS | ||
| 942 |
_cREF _2ddc |
||
| 999 |
_c4677 _d4677 |
||